| 000 | 00928nam a2200265Ia 4500 | ||
|---|---|---|---|
| 003 | OSt | ||
| 005 | 20210719191334.0 | ||
| 008 | 210310s2003 ck fr 000 0 spa d | ||
| 020 | _a958616716X | ||
| 040 |
_aCO-JMCR _cCO-JMCR |
||
| 041 | 0 | _aspa | |
| 082 | 0 | 4 |
_a332.645 / _bM386n _223 |
| 100 | 1 |
_aMartínez de Bejarano, Clemencia, _916279 _eautora |
|
| 245 | 1 | 0 |
_aNegociaciones forward / _cClemencia Martínez de Bejarano |
| 250 | _aPrimera edición | ||
| 260 |
_aBogotá : _bUniversidad Externado de Colombia, _c2003 |
||
| 300 |
_a352 páginas ; _c24 cm. + _eCd |
||
| 504 | _aBibliografía: página 352 | ||
| 505 | 0 | _aParte jurídica -- Instrumentos de gestión de tipos. Contratos a plazo de interés Forward Rate Agreement, Fra -- Casos | |
| 650 | 1 | 4 |
_aForward (Economía) _916281 |
| 650 | 2 | 4 |
_aMercado de capitales _938580 |
| 650 | 2 | 4 |
_aMercado financiero _96619 |
| 650 | 2 | 4 |
_aNegociación _938581 |
| 942 |
_2ddc _cBK |
||
| 999 |
_c8080 _d8080 |
||